000 00861nam a2200205Ii 4500
003 JO-AjNU
008 230605s9999||||xx |||||||||||||| ||und||
040 _aJO-AjNU
_bara
_erda
_cJO-AjNU
041 _aara
050 1 4 _aLB1062.C7312 2006
100 3 _a. مؤلف/جمل،محمد جهاد مراجع Anna،Craft,
_eauthor
_923254
245 0 0 _aالإبداع في مرحلة الطفولة=Creativity and early years education : a lifewide foundation
250 _aط1
264 3 1 _aالعين:دار الكتاب الجامعي،2006
300 _a209ص
336 _atext
_btxt
_2rdacontent
337 _aunmediated
_bn
_2rdamedia
338 _avolume
_bnc
_2rdacarrier
650 4 _a التفكير الإبداعي. التفكير الإبداعي-تعلم وتعليم-بريطانيا. الأطفال-تفكير إبداعي-بريطانيا.
_923255
999 _aA8383
_c11951
_d11951